El Sistema monetario panameño /
Estudia la historia, las características, el funcionamiento, la efectividad y la reestructuración del sistema monetario panameño - Analiza el funcionamiento de los sistemas monetarios en general y determina el contraste con el que impera en Panamá. Evalua el mecanismo monetario del país y plantea pr...
Guardat en:
| Autor principal: | |
|---|---|
| Format: | Thesis |
| Publicat: |
Panamá:
Universidad de Panamá
|
| Etiquetes: |
Afegir etiqueta
Sense etiquetes, Sigues el primer a etiquetar aquest registre!
|
MARC
| LEADER | 00000 a a2200000 04500 | ||
|---|---|---|---|
| 001 | 20661 | ||
| 003 | |||
| 040 | |a CRAI/IIS |c CRAI/IIS | ||
| 090 | |a 08751.00 | ||
| 100 | |a Aizpu, José Guillermo | ||
| 245 | |a El Sistema monetario panameño / |c José Guillermo Aizpu | ||
| 260 | |a Panamá: |b Universidad de Panamá | ||
| 300 | |a 165 páginas | ||
| 502 | |a Tesis (Licenciado en Economía) -- Universidad de Panamá. Facultad de Administración Publica y Comercio, 1968 | ||
| 520 | |a Estudia la historia, las características, el funcionamiento, la efectividad y la reestructuración del sistema monetario panameño - Analiza el funcionamiento de los sistemas monetarios en general y determina el contraste con el que impera en Panamá. Evalua el mecanismo monetario del país y plantea propuestas para una reforma que tienda a la sustitución del sistema automático actual por uno autónomo. Presenta conclusiones y recomendaciones, entre las que están las siguientes: existe un sistema monetario panameño, la autoridad monetaria es ejercida exclusivamente por el órgano legislativo, y el efectivo en circulación muestra la ausencia de billetes panameños y el uso de dólares estadounidenses como instrumento interno de pagos | ||
| 999 | |c 18095 |d 18095 | ||
